00693nam a2200229Ia 4500008004000000020001800040041000800058082001700066100002000083245004100103250000500144260003000149300001000179650001500189650000700204650001300211650001300224690002300237906001100260999001900271952017300290210210b2013 xxu||||| |||| 00| 0 eng d a9789381269589 aeng a541.394 HOUP aHOUSE (James E) aPrinciples of chemical kinetics Ed 2 a aAmsterdambElseveirc2013 ax,326 aPrinciples aof akinetics achemical aPhysical Chemistry a067699 c150839d150839 001040708ChemistryaALbALcChemistryd2021-02-17eIntact Bookhouse Pvt. Ltd, Bangalore-560050g1995.00l0o541.394 HOUPp067699r2021-02-17 00:00:00w2021-02-17yBK